Mobile suit Zeta Gundam. Complete collection I.
The Earth Federation, having defeated an alien menace, becomes cruel and oppressive and rebellion arises to fight for freedom.
| Corporate Author: | |
|---|---|
| Other Authors: | , |
| Format: | Video DVD |
| Language: | English Japanese |
| Language Notes: | English and Japanese dialogue, English subtitles. |
| Published: |
[Cypress, Calif.] :
Bandai Entertainment,
[2004]
|
| Series: | Anime legends.
|
| Subjects: |
MARC
| Tag | First Indicator | Second Indicator | Subfields |
|---|---|---|---|
| LEADER | 00000cgm a2200000Ka 4500 | ||
| 001 | in00002595821 | ||
| 005 | 20151201150627.0 | ||
| 007 | vd cvaizq | ||
| 008 | 080521s2004 cau625 g vaeng d | ||
| 020 | |a 1594098905 | ||
| 020 | |a 9781594098901 | ||
| 024 | 1 | 0 | |a 669198239267 |
| 028 | 4 | 2 | |a 23926 (23921--23923) |b Bandai Entertainment |
| 035 | |a (OCoLC)ocn228429549 | ||
| 035 | |a (OCoLC)228429549 | ||
| 040 | |a CLE |c CLE |d UtOrBLW | ||
| 041 | 1 | |a eng |a jpn |j eng |h jpn | |
| 049 | |a TXAM | ||
| 090 | |a PN1992.77.M55 |b M63 2004 | ||
| 245 | 0 | 0 | |a Mobile suit Zeta Gundam. |n Complete collection I. |
| 246 | 3 | 0 | |a Zeta Gundam |
| 264 | 1 | |a [Cypress, Calif.] : |b Bandai Entertainment, |c [2004] | |
| 264 | 4 | |c ©2004 | |
| 300 | |a 5 videodiscs (625 min.) : |b sound, color ; |c 4 3/4 in. | ||
| 336 | |a two-dimensional moving image |b tdi |2 rdacontent | ||
| 337 | |a video |b v |2 rdamedia | ||
| 338 | |a videodisc |b vd |2 rdacarrier | ||
| 490 | 1 | |a Anime legends | |
| 538 | |a DVD; Dolby Digital. | ||
| 546 | |a English and Japanese dialogue, English subtitles. | ||
| 500 | |a Title from container. | ||
| 508 | |a Director, Yoshiyuki Tomino. | ||
| 500 | |a Created by Hajime Yatate and Yoshiyuki Tomino. | ||
| 500 | |a Originally broadcast on television in 1985. | ||
| 520 | |a The Earth Federation, having defeated an alien menace, becomes cruel and oppressive and rebellion arises to fight for freedom. | ||
| 500 | |a Videorecording. | ||
| 650 | 0 | |a Weapons |v Drama. | |
| 650 | 0 | |a Imaginary wars and battles |v Drama. | |
| 655 | 7 | |a Fiction television programs. |2 lcgft | |
| 655 | 7 | |a Animated television programs. |2 lcgft | |
| 655 | 7 | |a Science fiction television programs. |2 lcgft | |
| 700 | 1 | |a Tomino, Yoshiyuki. | |
| 700 | 1 | |a Yadate, Hajime. | |
| 710 | 2 | |a Bandai Entertainment, Inc. | |
| 830 | 0 | |a Anime legends. | |
| 994 | |a C0 |b TXA | ||
| 948 | |a cataloged |b h |c 2010/5/24 |d c |e blrosas |f 1:31:45 pm | ||
| 999 | |a MARS | ||
| 999 | f | f | |s 8b4e8b64-c57b-3288-876e-5f9e0a43d4d9 |i e4ce1840-a3d5-3e03-ac51-227c85325ed2 |t 0 |
| 952 | f | f | |p dvd |a Texas A&M University |b College Station |c Sterling C. Evans Library |d Evans: Media and Reserves (Annex 1st floor) |t 0 |e PN1992.77.M55 M63 2004 |h Library of Congress classification |i video -- videodisc |m A14839157310 |
| 998 | f | f | |a PN1992.77.M55 M63 2004 |t 0 |l Evans: Media and Reserves (Annex 1st floor) |